000 00562nam a2200181Ia 4500
003 GCL
005 20240530103703.0
008 140319s9999 xx 000 0 ara d
040 _aGCL /
_cGCL
082 0 4 _a657.8
_bخ ن
100 0 _aخيرت ضيف
245 1 2 _aالنظم المحاسبية الخاصة فى محاسبة الاقسام و الفروع و محاسبة الفنادق /
_cخيرت ضيف
300 _a302 ص
650 0 4 _aالمحاسبة
650 0 4 _aالمشروعات
650 0 4 _aالفنادق، محاسبة
942 _2ddc
_cBK
999 _c41685
_d41685